[Event "Rated Blitz tournament a53xdTxU"]
[Site "?"]
[Date "2021.06.13"]
[Round "?"]
[White "JAIGANESH_1818"]
[Black "om_gendut"]
[Result "1/2-1/2"]
[WhiteElo "2279"]
[BlackElo "2456"]
[PlyCount "137"]
[EventDate "2021.??.??"]
[EventType "blitz"]

1. e4 e5 2. Nf3 d5 3. d3 dxe4 4. Nxe5 exd3 5. Bxd3 Bd6 6. Qe2 Qe7 7. Nf3 Qxe2+
8. Bxe2 Nf6 9. Nc3 Bf5 10. O-O Bxc2 11. Bg5 Nbd7 12. Nd4 Bg6 13. Rfe1 O-O 14.
Rad1 a6 15. f4 h6 16. Bxf6 Nxf6 17. f5 Bh5 18. Bxh5 Nxh5 19. Nd5 Rfe8 20. g4
Nf4 21. Nxf4 Bxf4 22. Kg2 Rad8 23. Rxe8+ Rxe8 24. h3 Kf8 25. Kf3 Be5 26. Nb3 b6
27. Rd2 Ke7 28. Ke4 f6 29. Kd5 Rd8+ 30. Kc6 Rxd2 31. Nxd2 Kd8 32. b3 Bd6 33.
Nc4 Bf4 34. Nb2 Ke7 35. Nd3 Bd6 36. Ne1 a5 37. Nf3 Be5 38. Kd5 Bc3 39. Kc6 Be5
40. Nd2 Kf7 41. Nc4 g6 42. Na3 h5 43. Nb5 hxg4 44. hxg4 gxf5 45. gxf5 Kg7 46.
Nxc7 Kh6 47. Nd5 Kg5 48. Ne7 Bd4 49. a4 Bc5 50. Nd5 Kxf5 51. Nxb6 Bxb6 52. Kxb6
Ke4 53. Kxa5 f5 54. b4 f4 55. b5 f3 56. Ka6 f2 57. a5 f1=Q 58. Kb6 Qc4 59. a6
Qd4+ 60. Kb7 Qd7+ 61. Kb6 Qd8+ 62. Ka7 Qc7+ 63. Ka8 Qb6 64. a7 Qa5 65. Kb7
Qxb5+ 66. Kc7 Qa5+ 67. Kb8 Qd5 68. a8=Q Qxa8+ 69. Kxa8 {Normal} 1/2-1/2

[Event "Rated Blitz game"]
[Site "?"]
[Date "2021.06.13"]
[Round "?"]
[White "Bat26"]
[Black "DarthZannah"]
[Result "0-1"]
[WhiteElo "2434"]
[BlackElo "2559"]
[PlyCount "94"]
[EventDate "2021.??.??"]
[EventType "blitz"]

1. e4 e5 2. Nf3 d5 3. exd5 e4 4. Nd4 Qxd5 5. Nb3 Nf6 6. Nc3 Qe5 7. Be2 Bd6 8.
d4 exd3 9. Qxd3 Bf5 10. Qb5+ Qxb5 11. Nxb5 Bxc2 12. Nxd6+ cxd6 13. Nd4 Be4 14.
O-O O-O 15. Bg5 Nbd7 16. Nb5 d5 17. f3 Bg6 18. Rac1 a6 19. Nd6 b5 20. Rc7 h6
21. Bd2 Nb6 22. b3 d4 23. Ba5 Nbd5 24. Rb7 d3 25. Bd1 Ne3 26. Re1 Nfd5 27. Kf2
Nxd1+ 28. Rxd1 Rfb8 29. Rxb8+ Rxb8 30. Ne4 Nf4 31. g3 Ne6 32. Rxd3 Rc8 33. Rd2
Rc1 34. Nd6 Ra1 35. f4 Bb1 36. a4 bxa4 37. bxa4 Rxa4 38. Bc3 Nc5 39. Rd5 Ne4+
40. Nxe4 Bxe4 41. Rd8+ Kh7 42. Rd7 Kg6 43. Rd6+ f6 44. Rd7 Ra2+ 45. Ke1 Rxh2
46. Bd4 Bf5 47. Bf2 Bxd7 {Normal} 0-1

[Event "Rated Blitz game"]
[Site "?"]
[Date "2021.06.13"]
[Round "?"]
[White "livaistonee"]
[Black "KamranShirazi"]
[Result "1-0"]
[WhiteElo "2402"]
[BlackElo "2519"]
[PlyCount "137"]
[EventDate "2021.??.??"]
[EventType "blitz"]

1. e4 e5 2. Nf3 d5 3. Nxe5 Bd6 4. d4 dxe4 5. Nc4 Be7 6. Nc3 Bf5 7. Ne3 Bg6 8.
Bc4 f5 9. O-O Nc6 10. Bb5 a6 11. Ba4 b5 12. Bb3 Nxd4 13. Ned5 Nxb3 14. axb3 Bd6
15. Qe2 Ne7 16. Nxe7 Qxe7 17. Nxb5 Be5 18. Nc3 O-O 19. Rxa6 Rxa6 20. Qxa6 Bd6
21. Qc4+ Bf7 22. Qc6 f4 23. Qxe4 Qg5 24. Qf3 Kh8 25. Ne4 Qh6 26. Nxd6 Qxd6 27.
Qxf4 Qc5 28. Bd2 Bxb3 29. Qb4 Qxb4 30. Bxb4 Rb8 31. cxb3 Rxb4 32. Rc1 Rb7 33.
Rc3 Kg8 34. f4 Kf7 35. Kf2 Ke6 36. Ke3 Kd5 37. g4 g6 38. h4 h5 39. gxh5 gxh5
40. Rd3+ Ke6 41. Ke4 Rb4+ 42. Kf3 c6 43. Rc3 Kd5 44. f5 Rxh4 45. f6 Ke5 46.
Rxc6 Rf4+ 47. Kg3 Rxf6 48. Rc5+ Ke4 49. Rxh5 Rf3+ 50. Kg4 Rxb3 51. Rh2 Rb4 52.
Kg5 Kd3 53. Kf5 Rb8 54. Ke5 Kc4 55. Kd6 Kb3 56. Kc7 Rg8 57. Kc6 Rg5 58. Kd6 Rf5
59. Ke6 Rc5 60. Kd6 Rc1 61. Rh3+ Kxb2 62. Kd5 Rc2 63. Kd4 Rc3 64. Rxc3 Ka1 65.
Rc2 Kb1 66. Rh2 Ka1 67. Kc3 Kb1 68. Rg2 Kc1 69. Rg1# {Normal} 1-0

[Event "Rated Blitz game"]
[Site "?"]
[Date "2021.06.13"]
[Round "?"]
[White "FMedtiv"]
[Black "magos33"]
[Result "1-0"]
[WhiteElo "2376"]
[BlackElo "2408"]
[PlyCount "117"]
[EventDate "2021.??.??"]
[EventType "blitz"]

1. e4 e5 2. Nf3 d5 3. exd5 e4 4. Nd4 Qxd5 5. Nb3 Nf6 6. Nc3 Qe5 7. Be2 Bd6 8.
d4 exd3 9. Qxd3 Bf5 10. Qb5+ Nbd7 11. Qxe5+ Bxe5 12. Bd3 Bxd3 13. cxd3 O-O-O
14. O-O Nb6 15. Rd1 Rhe8 16. Be3 Nfd5 17. Bxb6 axb6 18. d4 Bf6 19. Kf1 Nb4 20.
Rac1 Nc6 21. a3 Bxd4 22. Nxd4 Rxd4 23. Rxd4 Nxd4 24. Nd5 c5 25. Nxb6+ Kc7 26.
Nc4 Nb3 27. Rc3 Nd4 28. Ne3 Kd6 29. g4 g6 30. h3 b5 31. b4 c4 32. a4 bxa4 33.
Nxc4+ Ke7 34. Nb6 Rb8 35. Nxa4 Rxb4 36. Nc5 h5 37. Kg2 hxg4 38. hxg4 Nb5 39.
Rd3 Rxg4+ 40. Kf3 Rd4 41. Rb3 Nd6 42. Nd3 Kf6 43. Nf4 Kg7 44. Rb6 Nf5 45. Rb7
Rd6 46. Ke4 Nh4 47. Ke5 Rc6 48. Nd5 Re6+ 49. Kd4 Nf5+ 50. Kc5 Nh4 51. f4 Nf3
52. Nc7 Rf6 53. Ne8+ Kh6 54. Nxf6 g5 55. fxg5+ Kg6 56. Ne4 Ne5 57. Kd5 Nf3 58.
Rb6+ Kg7 59. Ng3 {Time forfeit} 1-0

[Event "Rated Blitz game"]
[Site "?"]
[Date "2021.06.13"]
[Round "?"]
[White "reyzandocam"]
[Black "blastol"]
[Result "1-0"]
[WhiteElo "2432"]
[BlackElo "2394"]
[PlyCount "68"]
[EventDate "2021.??.??"]
[EventType "blitz"]

1. e4 e5 2. Nf3 d5 3. Nc3 dxe4 4. Nxe4 f5 5. Nxe5 Qd4 6. Qh5+ g6 7. Nxg6 Qxe4+
8. Be2 Nf6 9. Qh4 Qxh4 10. Nxh4 Nc6 11. O-O Nd4 12. Bd1 Be7 13. c3 Nc6 14. d4
O-O 15. Bc2 Ne4 16. Nf3 Bf6 17. Re1 Nd6 18. Bb3+ Kh8 19. Bh6 Bg7 20. Bf4 Bd7
21. Ng5 Na5 22. Bxd6 cxd6 23. Nf7+ Rxf7 24. Bxf7 Rf8 25. Be6 Be8 26. f4 Bh6 27.
g3 Nc6 28. Bd5 Bd7 29. Be6 Be8 30. Bxf5 Rg8 31. Be6 Rg7 32. Kf2 Ne7 33. Bh3 Bc6
34. Re6 Nc8 {Normal} 1-0

[Event "Rated Blitz game"]
[Site "?"]
[Date "2021.06.13"]
[Round "?"]
[White "pablomizzau"]
[Black "DarthZannah"]
[Result "0-1"]
[WhiteElo "2380"]
[BlackElo "2563"]
[PlyCount "112"]
[EventDate "2021.??.??"]
[EventType "blitz"]

1. e4 e5 2. Nf3 d5 3. d3 dxe4 4. dxe4 Qxd1+ 5. Kxd1 f6 6. Bc4 Bc5 7. Ke2 Ne7 8.
Be3 Bxe3 9. Kxe3 c6 10. a4 a5 11. Nbd2 b6 12. Rhg1 Ba6 13. g4 g5 14. h4 h6 15.
Rh1 Ng6 16. hxg5 hxg5 17. Rxh8+ Nxh8 18. Rh1 Ng6 19. Rh6 Bxc4 20. Nxc4 Kf7 21.
Nxb6 Ra6 22. Nc4 Kg7 23. Rh1 Nd7 24. Rd1 Nc5 25. b3 Nf4 26. Ng1 Kf7 27. Ne2
Nxe2 28. Kxe2 Nxe4 29. Rd7+ Ke6 30. Rc7 Nc3+ 31. Kd3 Nd5 32. Rb7 Ra8 33. Ne3
Rd8 34. Nf5 Nb4+ 35. Ke4 Rd7 36. Ng7+ Ke7 37. Rxd7+ Kxd7 38. c3 Nd5 39. c4 Nb4
40. Kf5 Ke7 41. Nh5 Nd3 42. Nxf6 Nxf2 43. Kxg5 Ke6 44. Nh5 Ne4+ 45. Kh4 Nd2 46.
Ng7+ Kf7 47. Nf5 Nxb3 48. Kg5 Nc5 49. Nd6+ Ke6 50. Nc8 Nxa4 51. Kg6 Nc5 52. Nb6
a4 53. Nxa4 Nxa4 54. g5 Nc5 55. Kh7 Ne4 56. g6 Nf6+ {Normal} 0-1

[Event "Rated Blitz game"]
[Site "?"]
[Date "2021.06.13"]
[Round "?"]
[White "Pakal23"]
[Black "CreepyMovez"]
[Result "1-0"]
[WhiteElo "2440"]
[BlackElo "2306"]
[PlyCount "81"]
[EventDate "2021.??.??"]
[EventType "blitz"]

1. e4 e5 2. Nf3 d5 3. Nxe5 Bd6 4. d4 dxe4 5. Nc3 Nf6 6. Bg5 Bf5 7. Bc4 O-O 8.
O-O Nc6 9. Nxc6 bxc6 10. Ne2 Re8 11. Ng3 Bg6 12. Re1 h6 13. Be3 Rb8 14. Bb3 Qd7
15. Nf1 Bh5 16. Qd2 Qf5 17. h3 Qg6 18. c4 Bf3 19. Ng3 Bb4 20. Qc1 Bxe1 21. Qxe1
h5 22. gxf3 h4 23. Kh2 hxg3+ 24. fxg3 exf3 25. Qf2 Qh5 26. Kg1 Qxh3 27. Qxf3
Ng4 28. Re1 Qh2+ 29. Kf1 Qh3+ 30. Kg1 Qh2+ 31. Kf1 f5 32. c5+ Kh8 33. Re2 Qh3+
34. Ke1 Nxe3 35. Rxe3 Rxe3+ 36. Qxe3 Qh1+ 37. Kd2 Qg2+ 38. Kc3 a5 39. Qg5 Qf3+
40. Kc4 Qe2+ 41. Kc3 {Time forfeit} 1-0

[Event "Rated Blitz tournament a53xdTxU"]
[Site "?"]
[Date "2021.06.13"]
[Round "?"]
[White "JenderalDaniel"]
[Black "Physiotherapist"]
[Result "0-1"]
[WhiteElo "2429"]
[BlackElo "2389"]
[PlyCount "46"]
[EventDate "2021.??.??"]
[EventType "blitz"]

1. e4 e5 2. Nf3 d5 3. d3 dxe4 4. dxe4 Bd6 5. Nc3 Nf6 6. Bc4 Nc6 7. h3 Qe7 8.
O-O Be6 9. Qe2 O-O-O 10. Bg5 h6 11. Bh4 g5 12. Bg3 g4 13. Bxe6+ Qxe6 14. hxg4
Qxg4 15. Rad1 Rhg8 16. Rfe1 Bc5 17. Rxd8+ Nxd8 18. Kh2 Qh5+ 19. Kg1 Rxg3 20. b4
Bb6 21. Na4 Rg8 22. Nxb6+ axb6 23. a4 Ne6 {Normal} 0-1

[Event "Rated Blitz game"]
[Site "?"]
[Date "2021.06.13"]
[Round "?"]
[White "q-zma"]
[Black "khalid_ontawar"]
[Result "0-1"]
[WhiteElo "2407"]
[BlackElo "2412"]
[PlyCount "48"]
[EventDate "2021.??.??"]
[EventType "blitz"]

1. e4 e5 2. Nf3 d5 3. Nxe5 Qe7 4. d4 f6 5. Nd3 dxe4 6. Nf4 Bf5 7. Bc4 Nc6 8.
O-O O-O-O 9. c3 g5 10. Ne2 h5 11. Qa4 Kb8 12. Be3 b6 13. Qxc6 Bd7 14. Qd5 Bg4
15. Qb5 Nh6 16. a4 a5 17. Qb3 f5 18. h3 f4 19. Bxf4 gxf4 20. hxg4 f3 21. gxf3
exf3 22. Ng3 hxg4 23. Qb5 Nf5 24. Nxf5 Qh7 {Time forfeit} 0-1

[Event "Rated Blitz tournament 8isNN6k8"]
[Site "?"]
[Date "2021.06.13"]
[Round "?"]
[White "Efafi"]
[Black "Korshun_2022"]
[Result "1-0"]
[WhiteElo "2318"]
[BlackElo "2412"]
[PlyCount "65"]
[EventDate "2021.??.??"]
[EventType "blitz"]

1. e4 e5 2. Nf3 d5 3. Nc3 dxe4 4. Nxe4 f5 5. Nxe5 Qd5 6. d4 Qxe4+ 7. Be2 Nf6 8.
O-O Nc6 9. Bf3 Qh4 10. Nxc6 bxc6 11. Bxc6+ Kf7 12. Bxa8 Bd6 13. g3 Qg4 14. Qxg4
fxg4 15. Bg2 Kg6 16. Bd2 h5 17. Rfe1 h4 18. c4 hxg3 19. hxg3 c5 20. Bc3 Bf5 21.
dxc5 Bxc5 22. b4 Bb6 23. c5 Bc7 24. Rad1 Rb8 25. Be5 Bxe5 26. Rxe5 Rxb4 27. c6
Rc4 28. Rde1 Rc3 29. Re6 Bxe6 30. Rxe6 Kf5 31. Re7 a5 32. Ra7 Ne4 33. Rxa5+ {
Normal} 1-0

[Event "Rated Blitz tournament a99no34e"]
[Site "?"]
[Date "2021.06.13"]
[Round "?"]
[White "samisahi"]
[Black "VVV-31"]
[Result "1-0"]
[WhiteElo "2701"]
[BlackElo "2325"]
[PlyCount "61"]
[EventDate "2021.??.??"]
[EventType "blitz"]

1. e4 e5 2. Nf3 d5 3. exd5 Bd6 4. Nc3 Nf6 5. Bb5+ c6 6. dxc6 Nxc6 7. d3 h6 8.
h3 O-O 9. O-O Bf5 10. Re1 Re8 11. Ne4 Bc7 12. Bd2 a6 13. Ba4 Rc8 14. Bc3 b5 15.
Bb3 Nd4 16. Bxd4 exd4 17. Nxf6+ Qxf6 18. a4 Rxe1+ 19. Qxe1 Bxh3 20. Qe4 Bf5 21.
Qxd4 Qg6 22. Nh4 Qh5 23. Nxf5 Qxf5 24. axb5 axb5 25. Re1 Rd8 26. Qe4 Qh5 27. g3
g6 28. Qe7 Qf5 29. Qxc7 Rd7 30. Re8+ Kg7 31. Qe5+ {Normal} 1-0

[Event "Rated Blitz game"]
[Site "?"]
[Date "2021.06.13"]
[Round "?"]
[White "kaloczajunky"]
[Black "GoughPhar"]
[Result "1-0"]
[WhiteElo "2442"]
[BlackElo "2439"]
[PlyCount "43"]
[EventDate "2021.??.??"]
[EventType "blitz"]

1. e4 e5 2. Nf3 d5 3. Nxe5 Bd6 4. d4 dxe4 5. Qe2 Nf6 6. Bg5 O-O 7. Nc3 Bf5 8.
O-O-O Nc6 9. h3 Nxd4 10. Rxd4 Qe7 11. Ng4 Be5 12. Nxf6+ Bxf6 13. Bxf6 Qxf6 14.
Rd1 b5 15. Kb1 b4 16. Nd5 Qe5 17. g4 Be6 18. Ne3 Qa5 19. b3 Qa3 20. Qa6 Rfd8
21. Qxa3 bxa3 22. Bc4 {Normal} 1-0

[Event "Rated Blitz game"]
[Site "?"]
[Date "2021.06.13"]
[Round "?"]
[White "urbas"]
[Black "KinzyabulatovRenat"]
[Result "1-0"]
[WhiteElo "2479"]
[BlackElo "2421"]
[PlyCount "99"]
[EventDate "2021.??.??"]
[EventType "blitz"]

1. e4 e5 2. Nf3 d5 3. d3 dxe4 4. dxe4 Qxd1+ 5. Kxd1 Nf6 6. Bd3 Nc6 7. c3 Bc5 8.
Ke2 Be6 9. h3 h6 10. Be3 Nd7 11. Nbd2 a6 12. b4 Bb6 13. a4 O-O 14. a5 Bxe3 15.
Kxe3 Ne7 16. Bc4 Bxc4 17. Nxc4 f6 18. Rhd1 Rfd8 19. Rd3 Nf8 20. Rad1 Rxd3+ 21.
Rxd3 Rc8 22. g3 Kf7 23. h4 g5 24. Ke2 Ke6 25. Ne3 c5 26. Nh2 cxb4 27. cxb4 Rc1
28. Nhg4 h5 29. Nh6 Nc6 30. Nd5 Nd4+ 31. Ke3 Re1+ 32. Kd2 Re2+ 33. Kd1 Rxe4 34.
Ne3 f5 35. hxg5 f4 36. gxf4 exf4 37. Nc2 Nxc2 38. Kxc2 Re2+ 39. Kc3 Rxf2 40.
Rd8 Ng6 41. Re8+ Kd7 42. Rg8 Ne5 43. g6 Rg2 44. g7 f3 45. Rf8 f2 46. Rxf2 Rxg7
47. Rf5 Nc6 48. Rxh5 Rg3+ 49. Kc4 Rg4+ 50. Nxg4 {Normal} 1-0

[Event "Rated Blitz game"]
[Site "?"]
[Date "2021.06.13"]
[Round "?"]
[White "Voorzitter-HMC"]
[Black "annaly1979"]
[Result "1-0"]
[WhiteElo "2491"]
[BlackElo "2477"]
[PlyCount "61"]
[EventDate "2021.??.??"]
[EventType "blitz"]

1. e4 e5 2. Nf3 d5 3. Nc3 dxe4 4. Nxe4 f5 5. Nc3 e4 6. Ng1 Bc5 7. d3 Nf6 8.
dxe4 Qxd1+ 9. Nxd1 Nxe4 10. Be3 Nd7 11. f3 Nef6 12. Bd3 O-O 13. Bxf5 Re8 14.
Kf2 Rxe3 15. Nxe3 Nd5 16. Be6+ Kf8 17. Bxd5 Nf6 18. Bb3 Bd7 19. Re1 Re8 20. Nh3
h6 21. Nf4 g5 22. Nfd5 Nxd5 23. Bxd5 c6 24. Be4 Be6 25. b3 Bd5 26. Bxd5 cxd5
27. c3 a5 28. Re2 Kf7 29. Rd1 Re5 30. Rd3 Kf6 31. Kf1 {Normal} 1-0

[Event "Rated Blitz tournament a53xdTxU"]
[Site "?"]
[Date "2021.06.13"]
[Round "?"]
[White "ocanshamat"]
[Black "om_gendut"]
[Result "1/2-1/2"]
[WhiteElo "2527"]
[BlackElo "2452"]
[PlyCount "24"]
[EventDate "2021.??.??"]
[EventType "blitz"]

1. e4 e5 2. Nf3 d5 3. exd5 e4 4. Qe2 Be7 5. Qxe4 Nf6 6. Qe3 Nxd5 7. Qe4 O-O 8.
Bc4 Nf6 9. Qe2 Bd6 10. O-O Bg4 11. h3 Bh5 12. d4 Nc6 {Normal} 1/2-1/2

[Event "Rated Rapid game"]
[Site "?"]
[Date "2021.06.13"]
[Round "?"]
[White "flaggernoob"]
[Black "DarthZannah"]
[Result "0-1"]
[WhiteElo "2579"]
[BlackElo "2586"]
[PlyCount "102"]
[EventDate "2021.??.??"]
[EventType "rapid"]

1. e4 e5 2. Nf3 d5 3. exd5 e4 4. Qe2 Nf6 5. d3 Qxd5 6. dxe4 Qxe4 7. Nc3 Bb4 8.
Bd2 Qxe2+ 9. Bxe2 O-O 10. O-O-O Be6 11. Nb5 Bxd2+ 12. Rxd2 Na6 13. Nbd4 Nc5 14.
Nxe6 Nxe6 15. Bd3 Nf4 16. g3 Nxd3+ 17. Rxd3 Rfe8 18. Rd2 Re7 19. Nd4 Rae8 20.
f3 c6 21. c4 g6 22. Rhd1 Kg7 23. Kc2 Re3 24. Rd3 Rxd3 25. Rxd3 Re1 26. Rd1 Rxd1
27. Kxd1 Nd7 28. Kd2 Ne5 29. b3 c5 30. f4 Nxc4+ 31. bxc4 cxd4 32. Kd3 Kf6 33.
Kxd4 Ke6 34. c5 f6 35. a4 b6 36. Kc4 Kd7 37. cxb6 axb6 38. Kb5 Kc7 39. g4 f5
40. gxf5 gxf5 41. h3 Kb7 42. h4 h5 43. Kb4 Ka6 44. Ka3 Ka5 45. Kb3 b5 46. axb5
Kxb5 47. Kc3 Kc5 48. Kd3 Kd5 49. Ke3 Kc4 50. Ke2 Kd4 51. Kf3 Kd3 {Normal} 0-1

[Event "Rated Blitz game"]
[Site "?"]
[Date "2021.06.13"]
[Round "?"]
[White "chessmachine68"]
[Black "BrilliantGambiteer"]
[Result "1-0"]
[WhiteElo "2382"]
[BlackElo "2403"]
[PlyCount "105"]
[EventDate "2021.??.??"]
[EventType "blitz"]

1. e4 e5 2. Nf3 d5 3. Nxe5 Bd6 4. d4 dxe4 5. Bc4 Bxe5 6. Qh5 Qe7 7. Qxe5 Qxe5
8. dxe5 Nc6 9. Nc3 Nxe5 10. Bb3 Bf5 11. Bf4 Ng6 12. Bxc7 Rc8 13. Bd6 Nf6 14.
O-O-O a6 15. Rhe1 h5 16. a4 Ne7 17. a5 Nc6 18. Ba4 Rd8 19. f3 Be6 20. Nxe4 Nxe4
21. Rxe4 g6 22. Rb4 Rd7 23. Rxb7 Rxb7 24. Bxc6+ Rd7 25. Be5 O-O 26. Bxd7 Bxd7
27. Rxd7 Re8 28. f4 f6 29. Bxf6 Re1+ 30. Kd2 Rg1 31. Rg7+ Kf8 32. Rxg6 Kf7 33.
Rh6 Rxg2+ 34. Kc3 Rxh2 35. Be5 Rf2 36. Rf6+ Ke7 37. Rxa6 h4 38. Kb3 h3 39. c3
h2 40. Rh6 Rg2 41. f5 Kd7 42. Rh3 Rf2 43. Rxh2 Rxf5 44. Re2 Kc6 45. Bd4 Rb5+
46. Kc2 Rxa5 47. b4 Ra2+ 48. Kd3 Ra3 49. Re5 Kd6 50. Rc5 Kd7 51. Re5 Ra1 52.
Re4 Rd1+ 53. Kc4 {Time forfeit} 1-0

[Event "Rated Blitz tournament 8isNN6k8"]
[Site "?"]
[Date "2021.06.13"]
[Round "?"]
[White "nader4030"]
[Black "Korshun_2022"]
[Result "0-1"]
[WhiteElo "2201"]
[BlackElo "2407"]
[PlyCount "122"]
[EventDate "2021.??.??"]
[EventType "blitz"]

1. e4 e5 2. Nf3 d5 3. Nxe5 Bd6 4. d4 dxe4 5. Nc4 Nf6 6. Nxd6+ Qxd6 7. Be2 O-O
8. O-O Nc6 9. c3 Ne7 10. Bg5 h6 11. Bh4 Nf5 12. Bg3 Nxg3 13. hxg3 c5 14. dxc5
Qxc5 15. Qd4 Qxd4 16. cxd4 Rd8 17. Rd1 Be6 18. Nc3 Bd5 19. Rac1 Rac8 20. b3 Kf8
21. Na4 b6 22. Ba6 Rxc1 23. Rxc1 Ke7 24. Bb5 Kd6 25. Nc3 Bb7 26. Bc4 Rd7 27.
Nb5+ Ke7 28. Nxa7 Rxd4 29. Bb5 Kd6 30. Bc6 Bxc6 31. Rxc6+ Ke5 32. Rc1 Rd2 33.
Nc6+ Kd6 34. Nb4 Ng4 35. Rf1 Kc5 36. a3 f5 37. Na6+ Kd4 38. Nc7 Ke5 39. Nb5 Rb2
40. b4 Ra2 41. f4+ Kf6 42. Nc7 Kg6 43. Nd5 Rxa3 44. Nxb6 Rb3 45. Nd5 Rb2 46.
Rc1 Rd2 47. Ne7+ Kf6 48. Nc8 Ne3 49. b5 Rxg2+ 50. Kh1 Rb2 51. b6 Nd5 52. Rc6+
Kf7 53. Rd6 Nf6 54. Rc6 Kg6 55. Rc7 e3 56. Kg1 Ne4 57. Ne7+ Kh5 58. Nxf5 Kg4
59. Nxe3+ Kf3 60. Nf1 Rg2+ 61. Kh1 Nf2# {Normal} 0-1

[Event "Rated Blitz game"]
[Site "?"]
[Date "2021.06.13"]
[Round "?"]
[White "NormWeinstein"]
[Black "annaly1979"]
[Result "0-1"]
[WhiteElo "2502"]
[BlackElo "2471"]
[PlyCount "58"]
[EventDate "2021.??.??"]
[EventType "blitz"]

1. e4 e5 2. Nf3 d5 3. d4 dxe4 4. Nxe5 Bd6 5. Bf4 Nf6 6. Be2 O-O 7. O-O Nc6 8.
Nc3 Bf5 9. f3 exf3 10. Bxf3 Bg6 11. Bxc6 bxc6 12. Nxc6 Qd7 13. Bxd6 cxd6 14. d5
Rfe8 15. Kh1 a6 16. Qd2 Qg4 17. Rae1 Qh4 18. Kg1 h6 19. Ne7+ Kh7 20. Nxg6 fxg6
21. Re6 Rxe6 22. dxe6 Re8 23. Re1 d5 24. Re2 d4 25. Nd1 h5 26. h3 Nd5 27. Nf2
Ne3 28. c3 Qg5 29. cxd4 Qxg2# {Normal} 0-1

[Event "Rated Blitz tournament XNuMqIrl"]
[Site "?"]
[Date "2021.06.13"]
[Round "?"]
[White "KINCE-PRINCE"]
[Black "RR21"]
[Result "0-1"]
[WhiteElo "2276"]
[BlackElo "2440"]
[PlyCount "62"]
[EventDate "2021.??.??"]
[EventType "blitz"]

1. e4 e5 2. Nf3 d5 3. exd5 e4 4. Qe2 Nf6 5. d3 Qe7 6. Bg5 Qb4+ 7. c3 Qd6 8.
dxe4 Qb6 9. Bxf6 Qxf6 10. Qe3 Nd7 11. Be2 Bc5 12. Qd2 O-O 13. b4 Bd6 14. Na3
Re8 15. Bd3 h6 16. Nc4 Bf4 17. Qc2 b5 18. Ne3 a6 19. O-O Ne5 20. Nxe5 Bxe5 21.
f3 Qf4 22. g3 Qxe3+ 23. Rf2 c6 24. f4 Bc7 25. dxc6 Bb6 26. Raf1 Bh3 27. Rd1
Rad8 28. Rdd2 Rxe4 29. Bxe4 Rxd2 30. Qxd2 Qxd2 31. Bg6 Qxf2+ {Normal} 0-1

[Event "Rated Blitz game"]
[Site "?"]
[Date "2021.06.13"]
[Round "?"]
[White "Kitikites"]
[Black "Tristan2020"]
[Result "1-0"]
[WhiteElo "2518"]
[BlackElo "2336"]
[PlyCount "107"]
[EventDate "2021.??.??"]
[EventType "blitz"]

1. e4 e5 2. Nf3 d5 3. exd5 e4 4. Qe2 Nf6 5. d3 Qxd5 6. Nc3 Bb4 7. Nd2 Bxc3 8.
bxc3 O-O 9. dxe4 Qc6 10. Qe3 Re8 11. f3 Nd5 12. Qd4 Nd7 13. Bb2 N5b6 14. c4 Nf6
15. Bd3 Be6 16. O-O Rad8 17. Qc3 Na4 18. Qa3 Qb6+ 19. c5 Nxc5 20. Kh1 Nxd3 21.
cxd3 Qe3 22. Bxf6 gxf6 23. Nb3 Rxd3 24. Qb2 Qh6 25. Nc5 Rd2 26. Qxb7 Bh3 27.
Rg1 Bxg2+ 28. Rxg2+ Rxg2 29. Kxg2 Kh8 30. Kh1 Qe3 31. Qb3 Qxc5 32. Qxf7 Qe7 33.
Qxe7 Rxe7 34. Rc1 f5 35. exf5 Kg7 36. Rc6 Kf7 37. a4 a5 38. Kg2 Rd7 39. Kg3 Ke8
40. Rc5 Kf7 41. Rxa5 Kf6 42. Rc5 Kg5 43. a5 c6 44. a6 Rc7 45. h4+ Kf6 46. Kf4
h5 47. Ke4 Re7+ 48. Kd4 Ra7 49. Rxc6+ Kxf5 50. Kc5 Kf4 51. Kb6 Re7 52. a7 Re8
53. Kb7 Kxf3 54. a8=Q {Normal} 1-0

[Event "Rated Blitz game"]
[Site "?"]
[Date "2021.06.13"]
[Round "?"]
[White "Crisle"]
[Black "GoughPhar"]
[Result "1-0"]
[WhiteElo "2409"]
[BlackElo "2439"]
[PlyCount "145"]
[EventDate "2021.??.??"]
[EventType "blitz"]

1. e4 e5 2. Nf3 d5 3. Nc3 dxe4 4. Nxe4 Nf6 5. Nxf6+ Qxf6 6. Bc4 Bg4 7. O-O Nc6
8. Re1 O-O-O 9. h3 h5 10. hxg4 hxg4 11. Nh2 Kb8 12. Qxg4 e4 13. d3 Ne5 14. Qg5
Qd6 15. Bf4 f6 16. Qg3 g5 17. Bxe5 fxe5 18. dxe4 Qh6 19. Rad1 Bd6 20. Rd3 Rdf8
21. Ree3 Bc5 22. Rf3 Rf4 23. Kf1 b5 24. Bxb5 g4 25. Nxg4 Qh1+ 26. Ke2 Qc1 27.
Rxf4 exf4 28. Qf3 Re8 29. Rd2 Re6 30. Bd3 Qxb2 31. Qxf4 Qd4 32. Ne3 Bb4 33. Nf5
Qf6 34. Rd1 Bd6 35. Qg4 a5 36. Nxd6 Rxd6 37. Qg8+ Ka7 38. Qc4 Qf4 39. Qxc7+ Ka8
40. Qc8+ Ka7 41. Qc5+ Ka8 42. Qe3 Qe5 43. Rh1 Rd4 44. f4 Qc5 45. Rh8+ Kb7 46.
Rh7+ Kc8 47. Rh1 a4 48. Rb1 a3 49. Rb5 Qc3 50. Rd5 Rxd5 51. exd5 Kc7 52. Qe5+
Kb6 53. Qxc3 Ka7 54. Qxa3+ Kb6 55. Qb4+ Kc7 56. Qc5+ Kd7 57. Bf5+ Kd8 58. Qf8+
Kc7 59. d6+ Kb6 60. Qb8+ Ka5 61. Qa7+ Kb4 62. c3+ Kxc3 63. Qe3+ Kb2 64. Qd3 Ka1
65. Qd1+ Kxa2 66. Qd2+ Ka3 67. Qd5 Kb4 68. Qf7 Ka4 69. d7 Ka3 70. Qf8+ Kb2 71.
Qf7 Ka3 72. Qe6 Kb2 73. Qd6 {Time forfeit} 1-0

[Event "Rated Blitz game"]
[Site "?"]
[Date "2021.06.13"]
[Round "?"]
[White "Helois23"]
[Black "pasha1984"]
[Result "1-0"]
[WhiteElo "2399"]
[BlackElo "2416"]
[PlyCount "59"]
[EventDate "2021.??.??"]
[EventType "blitz"]

1. e4 e5 2. Nf3 d5 3. Nxe5 dxe4 4. d4 Bd6 5. Nc4 Nc6 6. Nxd6+ Qxd6 7. c3 Qg6 8.
Nd2 Nf6 9. Nc4 Be6 10. Ne3 O-O-O 11. Qa4 Nd7 12. Bb5 Nb6 13. Qa3 Nb8 14. Qxa7
f5 15. g3 Qf7 16. Ng2 h6 17. Nf4 g5 18. Nxe6 Qxe6 19. Bd2 f4 20. gxf4 gxf4 21.
Bxf4 Nd5 22. Bd2 e3 23. fxe3 Nxe3 24. Bxe3 Qxe3+ 25. Kd1 Rhg8 26. Kc2 Rg2+ 27.
Kb3 Qe6+ 28. Bc4 Qd7 29. Rae1 b5 30. Be6 {Normal} 1-0

[Event "Rated Blitz game"]
[Site "?"]
[Date "2021.06.13"]
[Round "?"]
[White "Chess_PR"]
[Black "jflup"]
[Result "1-0"]
[WhiteElo "2403"]
[BlackElo "2489"]
[PlyCount "91"]
[EventDate "2021.??.??"]
[EventType "blitz"]

1. e4 e5 2. Nf3 d5 3. d4 dxe4 4. Nxe5 Nd7 5. Bf4 Nxe5 6. Bxe5 Nf6 7. Bc4 Bf5 8.
O-O Be7 9. Nd2 O-O 10. Re1 Re8 11. c3 c5 12. Qb3 Bg6 13. Qxb7 cxd4 14. cxd4 Ng4
15. Nxe4 Nxe5 16. dxe5 Rb8 17. Qxa7 Rxb2 18. Nd6 Bxd6 19. exd6 Rxe1+ 20. Rxe1
h6 21. Qe7 Qb6 22. Bxf7+ Bxf7 23. Rf1 Rd2 24. d7 Qd6 25. Qe8+ Qf8 26. Re1 Bg6
27. Qe6+ Kh7 28. f3 Bf5 29. Qe8 Qf6 30. a4 Bxd7 31. Qe4+ Bf5 32. Qf4 Qb6+ 33.
Kh1 Qa5 34. h4 Bg6 35. Re6 Rd1+ 36. Kh2 Qd5 37. Qg4 Qf5 38. Re4 Qxg4 39. Rxg4
Ra1 40. Rb4 Bc2 41. g4 Rxa4 42. Rb7 Bd1 43. Kg3 Ra3 44. Rf7 Kg8 45. Rf4 g6 46.
g5 {Time forfeit} 1-0

[Event "Rated Blitz game"]
[Site "?"]
[Date "2021.06.13"]
[Round "?"]
[White "A1986-ADDOO"]
[Black "KamranShirazi"]
[Result "1-0"]
[WhiteElo "2494"]
[BlackElo "2499"]
[PlyCount "61"]
[EventDate "2021.??.??"]
[EventType "blitz"]

1. e4 e5 2. Nf3 d5 3. exd5 e4 4. Qe2 Nf6 5. d3 Bb4+ 6. c3 O-O 7. dxe4 Bc5 8.
Bg5 c6 9. dxc6 Nxc6 10. Nbd2 Re8 11. O-O-O Qc7 12. Bxf6 gxf6 13. Nb3 Qf4+ 14.
Kb1 Rxe4 15. Qc2 Bb6 16. Bd3 Bf5 17. Nbd2 Nb4 18. cxb4 Rc8 19. Bxe4 Rxc2 20.
Bxc2 Bxc2+ 21. Kxc2 Qxb4 22. Kb1 Bxf2 23. Rhf1 Be3 24. Rfe1 Bb6 25. Ne4 Kg7 26.
Rd7 f5 27. Neg5 Bd4 28. Rxf7+ Kg6 29. Re6+ Kh5 30. Rxh7+ Kg4 31. Rh4# {Normal}
1-0

[Event "Rated Blitz game"]
[Site "?"]
[Date "2021.06.13"]
[Round "?"]
[White "Manjuna"]
[Black "magos33"]
[Result "0-1"]
[WhiteElo "2277"]
[BlackElo "2411"]
[PlyCount "72"]
[EventDate "2021.??.??"]
[EventType "blitz"]

1. e4 e5 2. Nf3 d5 3. Nxe5 Bd6 4. d4 dxe4 5. Bc4 Bxe5 6. dxe5 Qxd1+ 7. Kxd1 Nc6
8. Bf4 Nge7 9. Re1 Bf5 10. Nd2 Ng6 11. Bg3 Ncxe5 12. Nxe4 O-O-O+ 13. Bd3 Nxd3
14. cxd3 Rxd3+ 15. Kc2 Rhd8 16. Rac1 R3d4 17. f3 c6 18. Kb1 Bxe4+ 19. fxe4 Rd2
20. Rc2 Rxc2 21. Kxc2 Re8 22. Kd3 Kd7 23. Bf2 b6 24. Bg3 Ke6 25. Ke3 Rd8 26.
Rc1 c5 27. a4 f6 28. b3 Rd4 29. Rc3 Ne5 30. h3 g5 31. Bh2 h5 32. Bg3 Nc6 33.
Bf2 Rb4 34. Kd2 Ke5 35. Bg3+ Kxe4 36. Re3+ Kf5 {Time forfeit} 0-1